[Event "AUT-ch Vor3 Internet"]
[Site "Playchess.com INT"]
[Date "2020.04.17"]
[Round "1"]
[White "Rosol, Philip"]
[Black "Gugler, Giorgio"]
[Result "1-0"]
[WhiteElo "1468"]
[BlackElo "1405"]
[PlyCount "115"]
[EventDate "2020.04.17"]
[EventType "swiss (blitz)"]
[EventRounds "9"]
[EventCountry "AUT"]
[SourceTitle "CBM 195 Extra"]
[Source "ChessBase"]
[SourceDate "2020.05.31"]
[SourceVersion "1"]
[SourceVersionDate "2020.05.31"]
[SourceQuality "1"]

1. e4 c5 2. Nf3 Nc6 3. d4 cxd4 4. Nxd4 e6 5. Nc3 Bc5 6. Nxc6 bxc6 7. Bd3 Qb6 8. 0-0 Ba6 9. Na4 Qa5 10. Bxa6 Bxf2+ 11. Rxf2 Qxa6 12. Nc3 Rb8 13. Qf1 Qb6 14. Kh1 f6 15. b3 Ne7 16. Ba3 c5 17. Na4 Qa5 18. Bxc5 Nc6 19. Bd6 Rb5 20. c4 Rh5 21. g4 Rh4 22. Rxf6 gxf6 23. Qxf6 Qd2 24. Qxh8+ Kf7 25. Qf8+ Kg6 26. Qg8+ Kf6 27. g5+ Qxg5 28. Qxg5+ Kxg5 29. Rg1+ Kh5 30. Rg7 Rxe4 31. Rxh7+ Kg6 32. Rxd7 Nd4 33. Rxa7 Re1+ 34. Kg2 Re2+ 35. Kf1 Rxa2 36. Be5 Nf3 37. Rg7+ Kh6 38. Re7 Nxe5 39. Rxe6+ Kg7 40. Rxe5 Ra1+ 41. Re1 Ra2 42. Re2 Ra1+ 43. Kf2 Rh1 44. Kg2 Rc1 45. c5 Rb1 46. Re3 Rc1 47. b4 Rc2+ 48. Kh3 Rc3 49. Rxc3 Kf6 50. c6 Ke7 51. c7 Kd7 52. c8Q+ Ke7 53. Re3+ Kf6 54. Qc4 Kg5 55. Rf3 Kg6 56. Qg4+ Kh6 57. Rf5 Kh7 58. Rh5# 1-0

[Event "AUT-ch Vor2 Internet"]
[Site "Playchess.com INT"]
[Date "2020.04.13"]
[Round "4"]
[White "Klinglmair, Guenter"]
[Black "Gugler, Giorgio"]
[Result "0-1"]
[WhiteElo "1483"]
[BlackElo "1405"]
[PlyCount "56"]
[EventDate "2020.04.13"]
[EventType "swiss (blitz)"]
[EventRounds "9"]
[EventCountry "AUT"]
[SourceTitle "CBM 195 Extra"]
[Source "ChessBase"]
[SourceDate "2020.05.31"]
[SourceVersion "1"]
[SourceVersionDate "2020.05.31"]
[SourceQuality "1"]

1. Nf3 c5 2. g3 Nc6 3. Bg2 e6 4. 0-0 Nf6 5. Re1 d5 6. d3 Nd4 7. Bg5 Be7 8. Bxf6 Bxf6 9. c3 Nxf3+ 10. Bxf3 0-0 11. Nd2 Bd7 12. e4 Bc6 13. Qb3 Rb8 14. exd5 exd5 15. Re2 d4 16. c4 Bxf3 17. Nxf3 Re8 18. Rae1 Rxe2 19. Rxe2 g6 20. Qd1 Bg7 21. Qe1 Qb6 22. b3 Qc6 23. Ng5 h6 24. Ne4 b6 25. Qd2 f5 26. Nc3 dxc3 27. Qf4 Re8 28. Rc2 Re1# 0-1

[Event "AUT-ch Vor1 Internet"]
[Site "Playchess.com INT"]
[Date "2020.04.11"]
[Round "9"]
[White "Gugler, Giorgio"]
[Black "Kessler, Manuel"]
[Result "1/2-1/2"]
[WhiteElo "1405"]
[BlackElo "1731"]
[PlyCount "46"]
[EventDate "2020.04.11"]
[EventType "swiss (blitz)"]
[EventRounds "9"]
[EventCountry "AUT"]
[SourceTitle "CBM 195 Extra"]
[Source "ChessBase"]
[SourceDate "2020.05.31"]
[SourceVersion "1"]
[SourceVersionDate "2020.05.31"]
[SourceQuality "1"]

1. e4 c5 2. Bc4 Nc6 3. d3 e6 4. f4 d5 5. exd5 exd5 6. Qe2+ Be7 7. Bb5 Nf6 8. Nf3 0-0 9. Bxc6 bxc6 10. 0-0 Re8 11. h3 Bd6 12. Qf2 Qc7 13. Ng5 h6 14. Nf3 Bd7 15. Nc3 Rab8 16. b3 d4 17. Ne2 Be6 18. Bb2 Bxf4 19. Nxf4 Qxf4 20. Rae1 Nd5 21. Ne5 Qxf2+ 22. Rxf2 Rec8 23. Bc1 f6 1/2-1/2

[Event "AUT-ch Vor1 Internet"]
[Site "Playchess.com INT"]
[Date "2020.04.11"]
[Round "3"]
[White "Gugler, Giorgio"]
[Black "Schwarz, Christian1111"]
[Result "0-1"]
[WhiteElo "1405"]
[BlackElo "1948"]
[PlyCount "58"]
[EventDate "2020.04.11"]
[EventType "swiss (blitz)"]
[EventRounds "9"]
[EventCountry "AUT"]
[SourceTitle "CBM 195 Extra"]
[Source "ChessBase"]
[SourceDate "2020.05.31"]
[SourceVersion "1"]
[SourceVersionDate "2020.05.31"]
[SourceQuality "1"]

1. e4 c5 2. Bc4 Nc6 3. f4 e6 4. Nf3 d5 5. exd5 exd5 6. Bb5 Nf6 7. 0-0 Be7 8. Ne5 Bd7 9. Nxd7 Qxd7 10. Re1 0-0 11. d3 Rfe8 12. Nc3 Rac8 13. Ba4 a6 14. a3 b5 15. Bb3 Nd4 16. Ba2 c4 17. dxc4 dxc4 18. Be3 Nf5 19. Qxd7 Nxd7 20. Bf2 Nf6 21. Rad1 Ng4 22. Bb6 Bf8 23. Rxe8 Rxe8 24. Nd5 Re2 25. Bb1 h5 26. b4 Nh4 27. c3 Rxg2+ 28. Kf1 Nxh2+ 29. Ke1 N4f3# 0-1

[Event "AUT-ch Vor1 Internet"]
[Site "Playchess.com INT"]
[Date "2020.04.11"]
[Round "8"]
[White "Gugler, Giorgio"]
[Black "Thummer, Philipp"]
[Result "1-0"]
[WhiteElo "1405"]
[BlackElo "1207"]
[PlyCount "73"]
[EventDate "2020.04.11"]
[EventType "swiss (blitz)"]
[EventRounds "9"]
[EventCountry "AUT"]
[SourceTitle "CBM 195 Extra"]
[Source "ChessBase"]
[SourceDate "2020.05.31"]
[SourceVersion "1"]
[SourceVersionDate "2020.05.31"]
[SourceQuality "1"]

1. e4 d6 2. Bc4 e6 3. f4 c5 4. Nf3 Nc6 5. a3 a6 6. d3 b5 7. Ba2 g6 8. 0-0 Bg7 9. Ng5 h6 10. Nxf7 Kxf7 11. f5 d5 12. fxg6+ Kxg6 13. exd5 Bd4+ 14. Kh1 exd5 15. Qf3 Be6 16. c3 Bf6 17. Nd2 Ne5 18. Qg3+ Kh7 19. Ne4 Bg5 20. Nxg5+ hxg5 21. Qxe5 Qd7 22. Bxg5 Ne7 23. Bf6 Rhf8 24. Qh5+ Kg8 25. Qh8+ Kf7 26. Bg7+ Bf5 27. Bxf8 Rxf8 28. Qh5+ Kg7 29. Rae1 Ng6 30. Qf3 Be6 31. Qe3 Re8 32. d4 c4 33. Bb1 Bf5 34. Qxe8 Qxe8 35. Rxe8 Be4 36. Bxe4 dxe4 37. Rxe4 1-0

[Event "GER-ch Net blitz qual3"]
[Site "Playchess.com INT"]
[Date "2020.03.21"]
[Round "2"]
[White "Gugler, Giorgio"]
[Black "Wolter, Detlef"]
[Result "0-1"]
[WhiteElo "1312"]
[BlackElo "2202"]
[PlyCount "74"]
[EventDate "2020.03.21"]
[EventType "swiss (blitz)"]
[EventRounds "9"]
[EventCountry "GER"]
[SourceTitle "CBM 195 Extra"]
[Source "ChessBase"]
[SourceDate "2020.05.31"]
[SourceVersion "1"]
[SourceVersionDate "2020.05.31"]
[SourceQuality "1"]

1. e4 c5 2. Bc4 e6 3. d3 a6 4. a3 b5 5. Ba2 g6 6. f4 d6 7. Nf3 Bg7 8. 0-0 Ne7 9. Ng5 d5 10. Qf3 Bb7 11. Nd2 0-0 12. Qh3 h6 13. exd5 Bxd5 14. Nge4 Bxa2 15. Rxa2 Nbc6 16. Nxc5 Qd4+ 17. Kh1 Qxc5 18. Ne4 Qf5 19. Qg3 Qd5 20. b3 Nf5 21. Qe1 Ncd4 22. c4 Qb7 23. Nc5 Qc6 24. b4 a5 25. Raf2 axb4 26. axb4 bxc4 27. dxc4 Rfd8 28. Ne4 Qxc4 29. Be3 Nc2 30. Qe2 Ncxe3 31. Rb1 Qxe2 32. Rxe2 Rd1+ 33. Re1 Rxe1+ 34. Rxe1 Nc2 35. Rc1 Nxb4 36. g3 Nd5 37. Nd6 Nxd6 0-1

[Event "GER-ch Net blitz qual3"]
[Site "Playchess.com INT"]
[Date "2020.03.21"]
[Round "1"]
[White "Reif, Michael"]
[Black "Gugler, Giorgio"]
[Result "0-1"]
[WhiteElo "1884"]
[BlackElo "1312"]
[PlyCount "120"]
[EventDate "2020.03.21"]
[EventType "swiss (blitz)"]
[EventRounds "9"]
[EventCountry "GER"]
[SourceTitle "CBM 195 Extra"]
[Source "ChessBase"]
[SourceDate "2020.05.31"]
[SourceVersion "1"]
[SourceVersionDate "2020.05.31"]
[SourceQuality "1"]

1. e4 c5 2. c4 Nc6 3. Nc3 e6 4. g3 Bd6 5. Bg2 Nge7 6. d3 a6 7. f4 0-0 8. Nf3 Bc7 9. Be3 b6 10. 0-0 Bb7 11. Ne2 Rb8 12. g4 Nb4 13. Ng3 d5 14. a3 dxe4 15. dxe4 Qxd1 16. Raxd1 Nc2 17. Bf2 Rbd8 18. e5 f5 19. Ng5 Bc8 20. gxf5 Nxf5 21. Rxd8 Bxd8 22. N3e4 Nfe3 23. Bxe3 Nxe3 24. Rf3 Nxg2 25. Kxg2 Bb7 26. Re3 Bxg5 27. fxg5 Rf5 28. Kg3 Bxe4 29. Rxe4 Rxg5+ 30. Kf3 h5 31. Re2 Rf5+ 32. Ke4 Kf7 33. Rd2 g5 34. h3 Rf4+ 35. Kd3 Rd4+ 36. Kc3 Rxd2 37. Kxd2 Kg6 38. b4 Kf5 39. a4 cxb4 40. a5 bxa5 41. c5 Kxe5 42. Kc2 Kd5 43. Kb3 Kxc5 44. Ka4 Kb6 45. Kb3 g4 46. hxg4 hxg4 47. Kc2 g3 48. Kb3 g2 49. Ka4 e5 50. Kb3 e4 51. Ka4 e3 52. Kb3 Kb5 53. Ka2 g1Q 54. Kb2 Qf2+ 55. Kb3 Qf3 56. Kb2 a4 57. Kc2 Qf2+ 58. Kb1 e2 59. Kc2 e1Q+ 60. Kd3 Qee3# 0-1

[Event "GER-ch Net blitz qual1"]
[Site "Playchess.com INT"]
[Date "2020.03.07"]
[Round "3"]
[White "Gugler, Giorgio"]
[Black "Haubold, Sebastian Marcel"]
[Result "0-1"]
[WhiteElo "1620"]
[BlackElo "1800"]
[PlyCount "92"]
[EventDate "2020.03.07"]
[EventType "swiss (blitz)"]
[EventRounds "9"]
[EventCountry "GER"]
[SourceTitle "CBM 195 Extra"]
[Source "ChessBase"]
[SourceDate "2020.05.31"]
[SourceVersion "1"]
[SourceVersionDate "2020.05.31"]
[SourceQuality "1"]

1. d4 Nf6 2. c4 c5 3. d5 b5 4. b3 g6 5. Nf3 d6 6. Nc3 a6 7. Bb2 Bg7 8. g3 0-0 9. Bg2 Nbd7 10. e4 Qb6 11. cxb5 axb5 12. 0-0 Ba6 13. Re1 Ng4 14. Ng5 b4 15. Qxg4 bxc3 16. Bc1 Ne5 17. Qd1 Nd3 18. Be3 c2 19. Qxc2 Nxe1 20. Rxe1 Rfb8 21. Kh1 Bc8 22. h4 Qa5 23. Re2 Bd7 24. Bd2 Qxa2 25. Qxa2 Rxa2 26. Bf3 Rxb3 27. h5 Ra1+ 28. Kg2 Bb5 29. Re3 Rxe3 30. Bxe3 c4 31. hxg6 hxg6 32. Be2 Rb1 33. Nf3 c3 34. Bxb5 Rxb5 35. Nd4 Bxd4 36. Bxd4 c2 37. Be3 Rb1 38. Kf3 c1Q 39. Bxc1 Rxc1 40. Kf4 Kg7 41. Kg5 f6+ 42. Kf4 Rc4 43. f3 f5 44. Ke3 Rc3+ 45. Kd4 Rxf3 46. exf5 gxf5 0-1

[Event "GER-ch Net blitz qual1"]
[Site "Playchess.com INT"]
[Date "2020.03.07"]
[Round "6"]
[White "Moehwald, Herbert"]
[Black "Gugler, Giorgio"]
[Result "1-0"]
[WhiteElo "1510"]
[BlackElo "1620"]
[PlyCount "51"]
[EventDate "2020.03.07"]
[EventType "swiss (blitz)"]
[EventRounds "9"]
[EventCountry "GER"]
[SourceTitle "CBM 195 Extra"]
[Source "ChessBase"]
[SourceDate "2020.05.31"]
[SourceVersion "1"]
[SourceVersionDate "2020.05.31"]
[SourceQuality "1"]

1. e4 c5 2. Nf3 Nc6 3. Bc4 e6 4. 0-0 Nf6 5. d3 Na5 6. Na3 a6 7. Bb3 b5 8. c4 b4 9. Nc2 Nxb3 10. axb3 Bb7 11. Re1 d6 12. Bg5 Be7 13. e5 dxe5 14. Nxe5 h6 15. Bh4 0-0 16. Ne3 Nd7 17. Nxd7 Qxd7 18. Bxe7 Qxe7 19. d4 Qg5 20. d5 Rad8 21. Qf3 exd5 22. Nxd5 Bxd5 23. cxd5 Rxd5 24. Rxa6 Rfd8 25. h3 Rd1 26. Rxd1 1-0

[Event "GER-ch Net blitz qual1"]
[Site "Playchess.com INT"]
[Date "2020.03.07"]
[Round "7"]
[White "Winkler, Andreas1111"]
[Black "Gugler, Giorgio"]
[Result "1-0"]
[WhiteElo "1433"]
[BlackElo "1620"]
[PlyCount "71"]
[EventDate "2020.03.07"]
[EventType "swiss (blitz)"]
[EventRounds "9"]
[EventCountry "GER"]
[SourceTitle "CBM 195 Extra"]
[Source "ChessBase"]
[SourceDate "2020.05.31"]
[SourceVersion "1"]
[SourceVersionDate "2020.05.31"]
[SourceQuality "1"]

1. e4 c5 2. Nf3 Nc6 3. d4 cxd4 4. Nxd4 e6 5. Be2 Bc5 6. Nxc6 bxc6 7. 0-0 Nf6 8. Nc3 0-0 9. e5 Nd5 10. Nxd5 cxd5 11. c3 Rb8 12. b4 Be7 13. a3 d6 14. Bf4 Qc7 15. exd6 Bxd6 16. Bxd6 Qxd6 17. c4 d4 18. c5 Qd8 19. Bd3 e5 20. Qh5 g6 21. Qxe5 Re8 22. Qxb8 Qe7 23. Qb5 Be6 24. Rae1 Rc8 25. c6 Qd6 26. Be4 Rc7 27. Qb8+ Kg7 28. Qa8 Bc4 29. g3 Bxf1 30. Kxf1 d3 31. Rd1 d2 32. Bf3 Qd3+ 33. Kg2 h5 34. Qb8 Qd6 35. Rxd2 Rxc6 36. Rxd6 1-0